All Wisconsin Cities on a Map - Statistics

General Stats
  • This quiz has been taken 27 times
  • The average score is 86 of 792
Answers on the Map
Answers color-coded by a green-red scale on the quiz's map according to % correct below.
 
Answer Stats
City Population % Correct
Milwaukee 563,531
95%
Green Bay 106,311
90%
Madison 285,300
90%
Eau Claire 72,331
86%
Appleton 75,344
76%
Kenosha 99,578
76%
Oshkosh 67,242
76%
Waukesha 71,461
76%
Wausau 40,262
71%
Racine 78,057
67%
Sheboygan 49,624
67%
Superior 26,620
67%
La Crosse 51,049
62%
Fond du Lac 44,469
57%
Janesville 66,428
57%
New Berlin 40,302
52%
Sturgeon Bay 9,940
52%
Wauwatosa 48,794
52%
Stevens Point 26,465
48%
West Allis 59,784
48%
West Milwaukee 3,997
48%
Wisconsin Dells 3,157
48%
Ashland 7,940
43%
Beloit 36,633
43%
Brookfield 41,268
43%
Greenfield 37,232
43%
Marinette 11,139
43%
Neenah 27,502
43%
Oak Creek 38,373
43%
Oconto 4,638
43%
Port Washington 12,750
43%
South Milwaukee 20,233
43%
Whitefish Bay 14,532
43%
Baraboo 13,096
38%
Brown Deer 12,527
38%
Cedarburg 13,011
38%
Franklin 36,591
38%
Manitowoc 34,616
38%
Menasha 18,433
38%
Menomonee Falls 40,700
38%
Menomonie 16,709
38%
Middleton 22,566
38%
Muskego 25,759
38%
Oconomowoc 20,002
38%
Onalaska 19,898
38%
Portage 9,975
38%
Rhinelander 8,286
38%
Shorewood 13,521
38%
Sun Prairie 39,253
38%
Tomah 9,574
38%
West Bend 32,149
38%
Ashwaubenon 17,437
33%
Bayfield 592
33%
Beaver Dam 16,443
33%
Chippewa Falls 15,075
33%
Cudahy 17,704
33%
De Pere 25,453
33%
Dodge 220
33%
Dodgeville 5,077
33%
Eagle 2,131
33%
Fort Atkinson 12,377
33%
Howard 21,961
33%
Hudson 15,031
33%
Lake Geneva 8,691
33%
Marshfield 18,973
33%
Mequon 25,329
33%
Platteville 11,833
33%
Reedsburg 10,314
33%
Shawano 9,635
33%
Sister Bay 1,170
33%
St. Francis 8,951
33%
Two Rivers 11,214
33%
Verona 16,825
33%
Watertown 22,617
33%
Wisconsin Rapids 18,675
33%
Allouez 13,923
29%
Bayside 4,338
29%
Black River Falls 3,563
29%
Delafield 7,275
29%
Fitchburg 34,357
29%
Fox Point 6,591
29%
Germantown 21,032
29%
Glendale 14,381
29%
Grafton 12,741
29%
Greendale 14,455
29%
Greenville 13,273
29%
Jefferson 7,766
29%
Kewaunee 2,808
29%
Kimberly 7,529
29%
Mount Pleasant 28,184
29%
New London 7,524
29%
Oconto Falls 3,024
29%
Peshtigo 3,409
29%
Pleasant Prairie 21,802
29%
Prairie du Chien 5,472
29%
River Falls 17,802
29%
Sheboygan Falls 8,656
29%
Sussex 12,607
29%
Waupaca 6,231
29%
Whitewater 16,076
29%
Alto 119
24%
Altoona 9,302
24%
Barron 3,674
24%
Bellevue 16,749
24%
Burlington 10,939
24%
Clinton 2,302
24%
Crandon 1,737
24%
Deerfield 2,647
24%
DeForest 12,260
24%
Delavan 9,055
24%
Denmark 2,892
24%
Eagle River 1,681
24%
Egg Harbor 392
24%
Florence 391
24%
Hartford 15,984
24%
Hartland 10,203
24%
Hayward 2,587
24%
Johnson Creek 3,398
24%
Kaukauna 18,363
24%
Lake Delton 3,466
24%
Little Chute 11,761
24%
Milton 5,778
24%
Monona 8,616
24%
Monroe 10,579
24%
Montello 1,437
24%
New Richmond 10,879
24%
North Fond du Lac 5,419
24%
Oostburg 3,059
24%
Rice Lake 8,971
24%
Sparta 9,963
24%
Suamico 13,109
24%
Washburn 2,055
24%
Waupun 11,131
24%
Abbotsford 2,423
19%
Adams 1,771
19%
Antigo 8,096
19%
Baileys Harbor 280
19%
Belgium 2,515
19%
Caledonia 25,240
19%
Cambridge 1,691
19%
Chetek 2,169
19%
Crivitz 1,118
19%
East Troy 5,011
19%
Edgerton 6,138
19%
Ephraim 340
19%
Evansville 5,819
19%
Green Lake 1,043
19%
Hurley 1,610
19%
Jackson 8,169
19%
Juneau 2,699
19%
Kiel 3,975
19%
Lakewood 297
19%
Lancaster 4,042
19%
McFarland 9,224
19%
Merrill 9,445
19%
Mount Horeb 7,803
19%
Niagara 1,579
19%
Oregon 11,895
19%
Pardeeville 2,258
19%
Pepin 749
19%
Plover 14,208
19%
Prescott 4,584
19%
Rib Mountain 7,275
19%
Ripon 7,716
19%
Rothschild 5,629
19%
Siren 927
19%
Slinger 6,443
19%
St. Croix Falls 2,310
19%
Stoughton 13,134
19%
Thorp 1,769
19%
Weston 15,866
19%
Woodruff 550
19%
Albany 1,094
14%
Algoma 3,226
14%
Amherst 1,132
14%
Barneveld 1,331
14%
Belmont 1,033
14%
Berlin 5,607
14%
Camp Douglas 628
14%
Clear Lake 1,103
14%
Coleman 731
14%
Coon Valley 761
14%
Cumberland 2,302
14%
Dane 1,111
14%
Darlington 2,482
14%
Dickeyville 1,087
14%
Fountain City 785
14%
Fox Crossing 19,362
14%
Fremont 677
14%
Grantsburg 1,372
14%
Hales Corners 7,766
14%
Harrison 14,254
14%
Hixton 442
14%
Hobart 10,876
14%
Holmen 11,866
14%
Iron River 752
14%
Kohler 2,274
14%
Kronenwetter 8,435
14%
Lake Mills 6,617
14%
Laona 548
14%
Lomira 2,671
14%
Luxemburg 2,765
14%
Lyndon Station 477
14%
Marion 1,286
14%
Marquette 172
14%
Marshall 3,753
14%
Mauston 4,147
14%
Mellen 686
14%
Mercer 539
14%
Mineral Point 2,560
14%
Minocqua 446
14%
Monticello 1,179
14%
Montreal 793
14%
Mosinee 4,531
14%
Mukwonago 8,512
14%
New Glarus 2,277
14%
Oakfield 1,064
14%
Oliver 417
14%
Osceola 2,880
14%
Osseo 1,818
14%
Park Falls 2,375
14%
Plymouth 8,854
14%
Pulaski 3,998
14%
Reedsville 1,193
14%
River Hills 1,541
14%
Sauk City 3,471
14%
Shiocton 932
14%
Somers 8,194
14%
Spooner 2,494
14%
Stanley 3,778
14%
Stockholm 84
14%
Thiensville 3,299
14%
Three Lakes 393
14%
Tomahawk 3,390
14%
Trempealeau 1,856
14%
Vernon 7,505
14%
Viroqua 4,407
14%
Waunakee 16,363
14%
Wausaukee 593
14%
Wautoma 2,371
14%
Wrightstown 4,041
14%
Almond 418
10%
Amberg 148
10%
Amery 2,934
10%
Argyle 818
10%
Athens 1,064
10%
Balsam Lake 954
10%
Bancroft 623
10%
Bear Creek 419
10%
Belleville 2,635
10%
Black Creek 1,335
10%
Blanchardville 827
10%
Bonduel 1,401
10%
Boscobel 3,265
10%
Brillion 3,318
10%
Brownsville 650
10%
Buffalo City 1,023
10%
Butler 1,769
10%
Casco 683
10%
Cashton 1,157
10%
Cassville 763
10%
Cecil 537
10%
Cedar Grove 2,095
10%
Chilton 4,183
10%
Cleveland 1,581
10%
Clintonville 4,528
10%
Cobb 485
10%
Colby 1,959
10%
Columbus 5,429
10%
Combined Locks 3,613
10%
Cornucopia 104
10%
Cottage Grove 8,974
10%
Danbury 85
10%
Darien 1,540
10%
Dresser 937
10%
Drummond 156
10%
Durand 1,873
10%
Edgar 1,430
10%
Elkhart Lake 1,102
10%
Elkhorn 10,122
10%
Elk Mound 1,094
10%
Ellison Bay 188
10%
Elm Grove 6,416
10%
Elmwood 813
10%
Fennimore 2,775
10%
Ferryville 192
10%
Forestville 471
10%
French Island 4,235
10%
Friendship 678
10%
Genoa 230
10%
Genoa City 2,903
10%
Gillett 1,273
10%
Hancock 398
10%
Hazel Green 1,176
10%
Hortonville 3,331
10%
Howards Grove 3,208
10%
Iola 1,220
10%
Kendall 469
10%
Keshena 1,487
10%
Kieler 334
10%
King 1,474
10%
Knapp 489
10%
Lannon 2,048
10%
Lodi 3,200
10%
Lone Rock 837
10%
Luck 1,064
10%
Manawa 1,421
10%
Mason 105
10%
Medford 4,604
10%
Melrose 525
10%
Merton 3,655
10%
Mishicot 1,423
10%
Mondovi 2,870
10%
Mountain 253
10%
Muscoda 1,303
10%
Necedah 914
10%
Nekoosa 2,406
10%
New Holstein 3,051
10%
New Lisbon 2,586
10%
Oakdale 303
10%
Oconomowoc Lake 569
10%
Odanah 118
10%
Oxford 534
10%
Palmyra 1,719
10%
Patch Grove 196
10%
Plain 726
10%
Poplar 634
10%
Port Wing 134
10%
Potosi 656
10%
Potter 232
10%
Pound 348
10%
Prairie du Sac 4,358
10%
Randolph 1,762
10%
Rewey 252
10%
Rib Lake 913
10%
Richfield 11,783
10%
Ridgeway 657
10%
Salem Lakes 14,302
10%
Saukville 4,305
10%
Saxon 69
10%
Seymour 5,178
10%
Shorewood Hills 2,182
10%
Shullsburg 1,230
10%
Solon Springs 679
10%
Somerset 3,382
10%
Springfield 154
10%
Spring Green 1,573
10%
Sturtevant 6,855
10%
Sullivan 653
10%
Tigerton 705
10%
Turtle Lake 307
10%
Wales 2,913
10%
Walworth 2,757
10%
Waterford 5,885
10%
Waterloo 3,611
10%
Westby 2,414
10%
West Salem 5,306
10%
Weyauwega 1,795
10%
Wild Rose 794
10%
Winneconne 2,504
10%
Withee 526
10%
Wittenberg 978
10%
Woodville 1,401
10%
Abrams 306
5%
Allenton 940
5%
Alma 728
5%
Angelica 108
5%
Arena 894
5%
Arlington 830
5%
Baldwin 4,352
5%
Bay City 452
5%
Benton 986
5%
Big Bend 1,502
5%
Birnamwood 724
5%
Black Earth 1,511
5%
Bloomer 3,646
5%
Bloomington 752
5%
Blue Mounds 918
5%
Boyceville 1,094
5%
Boyd 603
5%
Brandon 877
5%
Bristol 5,239
5%
Brodhead 3,229
5%
Brooklyn 1,533
5%
Brule 188
5%
Burnett 268
5%
Butternut 366
5%
Cable 193
5%
Cadott 1,467
5%
Campbellsport 1,997
5%
Caroline 447
5%
Chenequa 534
5%
Clayton 550
5%
Cochrane 424
5%
Colfax 1,204
5%
Collins 211
5%
Cross Plains 4,180
5%
Cuba City 2,088
5%
Dale 680
5%
Dallas 353
5%
De Soto 326
5%
Diamond Bluff 207
5%
Dousman 2,551
5%
Dyckesville 300
5%
Easton 45
5%
Elcho 170
5%
Eleva 684
5%
Ellsworth 3,341
5%
Elmwood Park 499
5%
Fairchild 433
5%
Fall River 1,853
5%
Footville 899
5%
Fox Lake 1,682
5%
Francis Creek 671
5%
Franks Field 131
5%
Frederic 1,141
5%
Fredonia 2,281
5%
Fulton 52
5%
Gays Mills 512
5%
Gilman 381
5%
Glenbeulah 453
5%
Goodman 160
5%
Gordon 114
5%
Gratiot 229
5%
Greenleaf 921
5%
Greenwood 1,074
5%
Hager City 228
5%
Hammond 1,881
5%
Hanover 143
5%
Herbster 109
5%
Hewitt 795
5%
Highland 869
5%
Hollandale 304
5%
Houlton 106
5%
Independence 1,480
5%
Iron Belt 143
5%
Ixonia 2,470
5%
Juda 382
5%
Kewaskum 4,564
5%
Lac La Belle 281
5%
Ladysmith 3,187
5%
La Farge 705
5%
Lake Hallie 7,349
5%
Lake Ivanhoe 764
5%
Lake Nebagamon 1,136
5%
Lake Wisconsin 5,051
5%
Lebanon 70
5%
Lena 538
5%
Linden 494
5%
Little Sturgeon 111
5%
Livingston 637
5%
Loganville 291
5%
Maiden Rock 118
5%
Maine 2,614
5%
Maple Bluff 1,327
5%
Maribel 339
5%
Mayville 5,205
5%
Mazomanie 1,769
5%
Merrimac 526
5%
Millston 108
5%
Mole Lake 507
5%
Montfort 729
5%
Mount Hope 210
5%
Nashotah 1,313
5%
Navarino 150
5%
Neillsville 2,375
5%
Nelson 319
5%
New Auburn 562
5%
Newburg 1,131
5%
New Odanah 318
5%
Nichols 285
5%
North Bay 204
5%
North Freedom 579
5%
North Hudson 3,819
5%
Northport 421
5%
North Prairie 2,214
5%
Norwalk 608
5%
Omro 3,644
5%
Ontario 527
5%
Orfordville 1,598
5%
Owen 903
5%
Packwaukee 220
5%
Paddock Lake 2,949
5%
Pembine 250
5%
Phillips 1,489
5%
Pittsville 808
5%
Plainfield 920
5%
Plum City 591
5%
Port Edwards 1,759
5%
Prentice 565
5%
Princeton 1,270
5%
Random Lake 1,570
5%
Raymond 3,974
5%
Reeseville 761
5%
Roberts 2,476
5%
Rochester 3,766
5%
Rockdale 204
5%
Rosendale 1,037
5%
Rosholt 469
5%
Scandinavia 366
5%
Schofield 2,291
5%
Sharon 1,553
5%
Sheldon 257
5%
Shell Lake 1,393
5%
Sobieski 238
5%
Soldiers Grove 555
5%
South Wayne 447
5%
Steuben 115
5%
St. Nazianz 713
5%
Stoddard 915
5%
St. Peter 1,403
5%
Stratford 1,614
5%
Strum 1,068
5%
Suring 519
5%
Tennyson 349
5%
Townsend 93
5%
Twin Lakes 6,328
5%
Union Grove 5,241
5%
Valders 956
5%
Viola 740
5%
Wabeno 221
5%
Warrens 541
5%
Wauzeka 620
5%
Webster 712
5%
West Baraboo 1,586
5%
Westfield 1,303
5%
White Lake 261
5%
Whitelaw 746
5%
Whiting 1,647
5%
Williams Bay 2,961
5%
Wilson 203
5%
Winchester 619
5%
Wind Point 1,622
5%
Winter 335
5%
Yorkville 3,247
5%
Yuba 51
5%
Adell 488
0%
Allens Grove 177
0%
Alma Center 472
0%
Almena 740
0%
Amherst Junction 382
0%
Aniwa 234
0%
Arcadia 3,821
0%
Argonne 98
0%
Arkansaw 371
0%
Arkdale 216
0%
Arpin 298
0%
Ashippun 972
0%
Auburndale 723
0%
Augusta 1,495
0%
Avoca 551
0%
Babcock 88
0%
Bagley 353
0%
Bangor 1,573
0%
Barronett 68
0%
Batavia 242
0%
Bayfront 128
0%
Bell Center 108
0%
Big Falls 57
0%
Big Foot Prairie 159
0%
Birch Hill 279
0%
Birchwood 408
0%
Biron 851
0%
Blair 1,284
0%
Blue River 453
0%
Bluffview 606
0%
Boaz 122
0%
Bohners Lake 2,138
0%
Boulder Junction 221
0%
Bowler 309
0%
Brice Prairie 1,858
0%
Briggsville 303
0%
Brothertown 216
0%
Browns Lake 1,766
0%
Browntown 241
0%
Butte des Morts 1,053
0%
Cambria 768
0%
Cameron 1,851
0%
Cascade 709
0%
Cataract 174
0%
Catawba 139
0%
Cazenovia 353
0%
Ceex Haci 30
0%
Centuria 883
0%
Chain O' Lakes 1,006
0%
Chaseburg 240
0%
Chelsea 80
0%
Chief Lake 645
0%
Chili 341
0%
Clam Lake 47
0%
Clarks Mills 86
0%
Clyman 392
0%
Coloma 452
0%
Como 2,368
0%
Cornell 1,452
0%
Couderay 83
0%
Curtiss 313
0%
Dalton 221
0%
Deer Park 244
0%
Dekorra 137
0%
Delavan Lake 2,728
0%
Dellwood 572
0%
Diaperville 107
0%
Dorchester 840
0%
Downing 225
0%
Downsville 268
0%
Doylestown 274
0%
Dunbar 105
0%
Eagle Lake 1,019
0%
Eastman 341
0%
Eden 904
0%
Edmund 170
0%
Eland 189
0%
Elderon 157
0%
Elroy 1,267
0%
Embarrass 345
0%
Emerald 148
0%
Endeavor 433
0%
Ettrick 521
0%
Eureka 255
0%
Exeland 227
0%
Fairwater 347
0%
Fall Creek 1,391
0%
Fenwood 137
0%
Forest Junction 655
0%
Friesland 313
0%
Galesville 1,663
0%
Gibbsville 557
0%
Gilmanton 138
0%
Glen Haven 64
0%
Glenwood City 1,267
0%
Glidden 214
0%
Gotham 198
0%
Grand Marsh 127
0%
Grand View 120
0%
Granton 370
0%
Greenbush 122
0%
Green Valley 44
0%
Gresham 535
0%
Harrisville 169
0%
Hatfield 194
0%
Hatley 655
0%
Haugen 253
0%
Hawkins 327
0%
Hebron 381
0%
Helenville 119
0%
Hilbert 1,217
0%
Hillsboro 1,397
0%
Hingham 927
0%
Holcombe 244
0%
Horicon 3,898
0%
Humbird 297
0%
Hustisford 1,074
0%
Hustler 163
0%
Iron Ridge 918
0%
Ironton 261
0%
Jim Falls 247
0%
Jolmaville 101
0%
Jump River 57
0%
Junction City 418
0%
Kekoskee 880
0%
Kellnersville 312
0%
Kennan 143
0%
Kingston 286
0%
Knowlton 71
0%
Krakow 330
0%
Lac du Flambeau 1,619
0%
Lake Arrowhead 832
0%
Lake Camelot 1,197
0%
Lake Koshkonong 983
0%
Lake Lorraine 251
0%
Lake Ripley 1,972
0%
Lake Sherwood 382
0%
Lake Tomahawk 193
0%
Lake Wazeecha 2,722
0%
Lake Wissota 3,103
0%
Lauderdale Lakes 1,337
0%
La Valle 348
0%
Legend Lake 1,478
0%
Leopolis 58
0%
Lewis 176
0%
Lily Lake 639
0%
Lime Ridge 156
0%
Little Round Lake 1,233
0%
Lohrville 432
0%
Long Lake 41
0%
Lowell 304
0%
Loyal 1,187
0%
Lublin 112
0%
Lynxville 133
0%
Lyons 1,206
0%
Marengo 142
0%
Markesan 1,385
0%
Mattoon 357
0%
Melvina 92
0%
Merrillan 549
0%
Middle Village 202
0%
Milladore 267
0%
Milltown 938
0%
Mindoro 303
0%
Minong 557
0%
Mission 365
0%
Mount Calvary 488
0%
Mount Sterling 184
0%
Nelsonville 161
0%
Neopit 730
0%
Neosho 582
0%
Neshkoro 410
0%
Newald 88
0%
New Munster 292
0%
New Post 322
0%
North Lake 222
0%
Ogdensburg 178
0%
Ogema 259
0%
Okauchee Lake 4,827
0%
Paac Ciinak 66
0%
Park Ridge 544
0%
Pella 108
0%
Pence 139
0%
Pigeon Falls 374
0%
Pine River 115
0%
Polonia 624
0%
Post Lake 330
0%
Potter Lake 766
0%
Powers Lake 1,378
0%
Poynette 2,834
0%
Poy Sippi 396
0%
Prairie Farm 466
0%
Pulcifer 150
0%
Radisson 273
0%
Readstown 371
0%
Redgranite 2,123
0%
Reserve 270
0%
Ridgeland 261
0%
Rio 1,126
0%
Rock Falls 184
0%
Rockland 755
0%
Rock Springs 351
0%
Rome 609
0%
Rubicon 118
0%
Rudolph 428
0%
Sand Pillow 206
0%
Sandy Hook 261
0%
Sayner 168
0%
Seneca 336
0%
Sextonville 435
0%
Sherwood 3,282
0%
Shopiere 141
0%
Spencer 1,813
0%
Springbrook 87
0%
Spring Valley 1,446
0%
Star Prairie 664
0%
St. Cloud 493
0%
Stetsonville 556
0%
St. Joseph 530
0%
Stockbridge 659
0%
Stone Lake 79
0%
Summit Lake 97
0%
Tainter Lake 2,753
0%
Taycheedah 682
0%
Taylor 468
0%
Theresa 1,280
0%
Thornton 38
0%
Tichigan 5,173
0%
Tilleda 48
0%
Tony 99
0%
Trego 130
0%
Tunnel City 105
0%
Tustin 105
0%
Union Center 219
0%
Unity 379
0%
Van Dyne 711
0%
Vesper 525
0%
Waldo 480
0%
Waubeka 560
0%
Waukau 332
0%
Waumandee 62
0%
Westboro 204
0%
Wheeler 327
0%
Whitehall 1,618
0%
Whittlesey 93
0%
Wilton 523
0%
Wind Lake 5,028
0%
Wiota 69
0%
Wonewoc 727
0%
Woodford 83
0%
Woodman 118
0%
Wyeville 115
0%
Wyocena 732
0%
Zoar 48
0%
No matching quizzes found
Score Distribution
Percent of People with Each Score
Percentile by Number Answered
Your Score History
You have not taken this quiz